[Event "Oberfranken-ch Seniors"]
[Site "Bischofsgruen"]
[Date "2009.06.12"]
[Round "8"]
[White "Meyer, Thomas"]
[Black "Theuermeister, Peter"]
[Result "0-1"]
[WhiteElo "1871"]
[BlackElo "1792"]
[PlyCount "64"]
[EventDate "2009.06.05"]
[EventType "swiss"]
[EventRounds "9"]
[EventCountry "GER"]
[SourceTitle "EXT 2012"]
[Source "ChessBase"]
[SourceDate "2011.11.24"]
[SourceVersion "1"]
[SourceVersionDate "2011.11.24"]
[SourceQuality "1"]

1. d4 Nf6 2. c4 g6 3. Nc3 d5 4. cxd5 Nxd5 5. e4 Nxc3 6. bxc3 Bg7 7. Bc4 c5 8. Be3 Nc6 9. Ne2 0-0 10. 0-0 cxd4 11. cxd4 Na5 12. Bd3 b6 13. Rc1 Bb7 14. Qd2 Qd7 15. Bh6 Rac8 16. Bxg7 Kxg7 17. f4 e6 18. Qb2 Kg8 19. Bb5 Qe7 20. Bd3 Rfd8 21. Rxc8 Rxc8 22. f5 exf5 23. e5 Nc6 24. Qd2 Nd8 25. Qh6 Qf8 26. Qh4 Ne6 27. Bxf5 gxf5 28. Rxf5 Qg7 29. g3 Rc4 30. Qe7 Rc7 31. Qh4 Rd7 32. Kf2 Ba6 0-1

[Event "Bayern-ch Seniors 19th"]
[Site "Schloss Schney"]
[Date "2007.06.17"]
[Round "7"]
[White "Theuermeister, Peter"]
[Black "Fritsch, Wolfgang"]
[Result "1/2-1/2"]
[WhiteElo "1686"]
[BlackElo "1807"]
[PlyCount "72"]
[EventDate "2007.06.12"]
[EventType "swiss"]
[EventRounds "9"]
[EventCountry "GER"]
[SourceTitle "EXT 2008"]
[Source "ChessBase"]
[SourceDate "2007.11.25"]
[SourceVersion "1"]
[SourceVersionDate "2007.11.25"]
[SourceQuality "1"]

1. d4 d5 2. Nf3 a6 3. e3 Nf6 4. c4 e6 5. a3 dxc4 6. Bxc4 b5 7. Be2 c5 8. dxc5 Qxd1+ 9. Bxd1 Bxc5 10. b4 Be7 11. Bb2 Bb7 12. Nbd2 Nbd7 13. Rc1 Bd6 14. 0-0 0-0 15. Bb3 Rfc8 16. Rfe1 Rxc1 17. Rxc1 Rc8 18. Rxc8+ Bxc8 19. e4 e5 20. Ng5 Bc7 21. Nxf7 Kf8 22. Ng5 Nb6 23. Ngf3 Bb7 24. Ng5 Bc8 25. h3 h6 26. Ngf3 Nbd7 27. Be6 Bb7 28. Bf5 Kf7 29. Nh4 Nf8 30. Nhf3 N8d7 31. Bxd7 Nxd7 32. Ne1 Nf6 33. f3 Ke6 34. Nb3 Nd7 35. Nd3 Bb6+ 36. Kf1 Bc8 1/2-1/2

[Event "Bayern-ch Seniors 19th"]
[Site "Schloss Schney"]
[Date "2007.06.16"]
[Round "5"]
[White "Theuermeister, Peter"]
[Black "Weigel, Herbert"]
[Result "0-1"]
[WhiteElo "1686"]
[BlackElo "1947"]
[PlyCount "68"]
[EventDate "2007.06.12"]
[EventType "swiss"]
[EventRounds "9"]
[EventCountry "GER"]
[SourceTitle "EXT 2008"]
[Source "ChessBase"]
[SourceDate "2007.11.25"]
[SourceVersion "1"]
[SourceVersionDate "2007.11.25"]
[SourceQuality "1"]

1. d4 g6 2. Nf3 Bg7 3. c4 c5 4. d5 f5 5. Nc3 Bxc3+ 6. bxc3 Nf6 7. Qc2 d6 8. Ng5 0-0 9. f4 Na6 10. e3 Bd7 11. Be2 Qa5 12. a4 Nc7 13. Bd2 Rfe8 14. 0-0 e6 15. dxe6 Nxe6 16. Bf3 Nxg5 17. fxg5 Ne4 18. Bxe4 Rxe4 19. Rf4 Rae8 20. Qd3 Qc7 21. Rb1 Bc6 22. Rbf1 Qe7 23. Rxe4 Bxe4 24. Qe2 Qxg5 25. Be1 Bc6 26. Bd2 f4 27. e4 Rxe4 28. Qf2 Qe7 29. Bxf4 Re2 30. Qg3 Rxg2+ 31. Qxg2 Bxg2 32. Kxg2 g5 33. Bg3 Qe4+ 34. Rf3 g4 0-1

[Event "Bayern-ch Seniors 18th"]
[Site "Schloss Schney"]
[Date "2006.07.01"]
[Round "7"]
[White "Alefs, Heinz"]
[Black "Theuermeister, Peter"]
[Result "0-1"]
[WhiteElo "1643"]
[BlackElo "1752"]
[PlyCount "112"]
[EventDate "2006.06.25"]
[EventType "swiss"]
[EventRounds "9"]
[EventCountry "GER"]
[SourceTitle "EXT 2007"]
[Source "ChessBase"]
[SourceDate "2006.11.23"]
[SourceVersion "1"]
[SourceVersionDate "2006.11.23"]
[SourceQuality "1"]

1. d4 Nf6 2. Nf3 g6 3. e3 Bg7 4. Bd3 d5 5. 0-0 0-0 6. Nbd2 b6 7. Qe2 c5 8. c3 Bb7 9. Ne5 Nbd7 10. f3 Nxe5 11. dxe5 Nd7 12. f4 e6 13. Qg4 Qe7 14. Nf3 f5 15. Qg3 Rfd8 16. h4 Kh8 17. Kf2 Nf8 18. Rh1 h5 19. Be2 Rac8 20. Ng5 Nh7 21. Bd2 Nxg5 22. hxg5 Qf7 23. Qh4 Kg8 24. Qg3 Kf8 25. Rad1 Ke8 26. c4 dxc4 27. Bxc4 Bc6 28. Be2 Rc7 29. Bf3 Bxf3 30. Qxf3 Rd5 31. Bc3 Rcd7 32. Rxd5 Rxd5 33. e4 fxe4 34. Qxe4 b5 35. a4 Qf5 36. Qxf5 exf5 37. Ke3 Ke7 38. Rc1 Ke6 39. Ba5 Bf8 40. Rc2 c4 41. Bc7 Bc5+ 42. Ke2 Rd3 43. Ba5 Re3+ 44. Kf1 Re4 45. g3 h4 46. Kg2 hxg3 47. Kxg3 Re3+ 48. Kg2 Rd3 49. Rd2 Be3 50. Rxd3 cxd3 51. Kf3 d2 52. Ke2 Bxf4 53. Bd8 Bxe5 54. b3 Bc3 55. Kd1 f4 56. Kc2 f3 0-1

[Event "Bayern-ch Seniors 18th"]
[Site "Schloss Schney"]
[Date "2006.06.30"]
[Round "6"]
[White "Theuermeister, Peter"]
[Black "Rost van Tonningen, Otto"]
[Result "0-1"]
[WhiteElo "1752"]
[BlackElo "1958"]
[PlyCount "146"]
[EventDate "2006.06.25"]
[EventType "swiss"]
[EventRounds "9"]
[EventCountry "GER"]
[SourceTitle "EXT 2007"]
[Source "ChessBase"]
[SourceDate "2006.11.23"]
[SourceVersion "1"]
[SourceVersionDate "2006.11.23"]
[SourceQuality "1"]

1. d4 d5 2. Nf3 Nf6 3. c4 c6 4. Nc3 dxc4 5. a4 a6 6. e3 Be6 7. Ng5 Bd5 8. e4 h6 9. exd5 hxg5 10. dxc6 Nxc6 11. Be3 Na5 12. d5 Qc7 13. Rb1 Qe5 14. Qd4 Qxd4 15. Bxd4 Rc8 16. Bb6 Nb3 17. Rd1 g6 18. Be2 Bg7 19. 0-0 0-0 20. Rfe1 Rfe8 21. h3 Nd7 22. Be3 Bf6 23. Bg4 Rcd8 24. Be2 Rc8 25. g3 Kg7 26. Bf3 Ne5 27. Be2 Nd7 28. Kg2 Ne5 29. Ne4 Nd7 30. Bg4 Rcd8 31. Bxd7 Rxd7 32. Nxf6 Kxf6 33. Bb6 Rc8 34. Re3 Rd6 35. a5 Nc5 36. Rf3+ Kg7 37. Re1 e6 38. dxe6 Nxe6 39. Rc3 Rcc6 40. Rec1 Rd2 41. Rxc4 Rxc4 42. Rxc4 Rxb2 43. Rc8 Rb5 44. Rc4 Kf6 45. Kf3 Ke5 46. Ra4 Kd5 47. Kg4 Rb3 48. Be3 f5+ 49. Kf3 f4 50. gxf4 gxf4 51. Rxf4 Nxf4 52. Kxf4 Ra3 53. Bb6 Rxh3 54. Kg5 Rb3 55. Kxg6 Ke6 56. Bc7 Rf3 57. Bb6 Rf5 58. Kg7 Kd6 59. Kg6 Rb5 60. f4 Ke6 61. Bc7 Rf5 62. Kg7 Kd5 63. Kg6 Ke4 64. Kg7 Rxf4 65. Bxf4 Kxf4 66. Kf6 Ke4 67. Ke6 Kd4 68. Kd6 Kc4 69. Kc7 Kb5 70. Kxb7 Kxa5 71. Kc6 Kb4 72. Kd5 a5 73. Kd4 Kb3 0-1

[Event "Bayern-ch Seniors 18th"]
[Site "Schloss Schney"]
[Date "2006.06.26"]
[Round "2"]
[White "Theuermeister, Peter"]
[Black "Jaenig, Reinhard"]
[Result "0-1"]
[WhiteElo "1752"]
[BlackElo "2021"]
[PlyCount "60"]
[EventDate "2006.06.25"]
[EventType "swiss"]
[EventRounds "9"]
[EventCountry "GER"]
[SourceTitle "EXT 2007"]
[Source "ChessBase"]
[SourceDate "2006.11.23"]
[SourceVersion "1"]
[SourceVersionDate "2006.11.23"]
[SourceQuality "1"]

1. d4 c5 2. d5 Nf6 3. c4 g6 4. Nc3 Bg7 5. Nf3 0-0 6. e4 d6 7. h3 e6 8. Bg5 h6 9. Be3 exd5 10. cxd5 Re8 11. Bd3 Na6 12. Qd2 Kh7 13. Rd1 Nb4 14. Bb1 b5 15. a3 Na6 16. Nxb5 Nxe4 17. Bxe4 Rxe4 18. Nc3 Re7 19. 0-0 Rb8 20. Rfe1 Reb7 21. Rb1 Bf5 22. g4 Bxb1 23. Rxb1 Qa5 24. b4 cxb4 25. axb4 Rxb4 26. Rxb4 Rxb4 27. Qa2 Qxa2 28. Nxa2 Rb1+ 29. Kg2 Rd1 30. Nd2 Ra1 0-1

[Event "Bayern-ch Seniors 18th"]
[Site "Schloss Schney"]
[Date "2006.06.25"]
[Round "1"]
[White "Melzig, Ernst"]
[Black "Theuermeister, Peter"]
[Result "0-1"]
[WhiteElo "1362"]
[BlackElo "1752"]
[PlyCount "138"]
[EventDate "2006.06.25"]
[EventType "swiss"]
[EventRounds "9"]
[EventCountry "GER"]
[SourceTitle "EXT 2007"]
[Source "ChessBase"]
[SourceDate "2006.11.23"]
[SourceVersion "1"]
[SourceVersionDate "2006.11.23"]
[SourceQuality "1"]

1. e4 e6 2. d4 d5 3. exd5 exd5 4. Nc3 c6 5. Nf3 Bg4 6. Qe2+ Qe7 7. Qxe7+ Bxe7 8. Be2 Nd7 9. 0-0 Bf5 10. Bd3 Bxd3 11. cxd3 f6 12. Re1 Kf7 13. Nh4 g6 14. Ne2 Bb4 15. Nc3 Ne7 16. Bd2 Rae8 17. a3 Bd6 18. Ne2 g5 19. Nf3 Nf5 20. g4 Ng7 21. Ng3 Rxe1+ 22. Rxe1 h5 23. gxh5 Bxg3 24. hxg3 Rxh5 25. g4 Rh8 26. Kg2 Ne6 27. Kg3 Ndf8 28. Kg2 Ng6 29. Kg3 Ngf4 30. Bxf4 Nxf4 31. Ng1 Nxd3 32. Re2 Nf4 33. Re1 Rh1 34. f3 Nd3 35. Rb1 Rh8 36. Ne2 Re8 37. Nc3 Nf4 38. Rh1 Kg7 39. Rh2 Re1 40. Rc2 Rh1 41. Rh2 Rg1+ 42. Kf2 Rc1 43. Ke3 Re1+ 44. Kd2 Re8 45. Na4 b6 46. Nc3 a5 47. Nd1 c5 48. dxc5 bxc5 49. Ne3 Kf7 50. Nf5 Rb8 51. Rh7+ Kg8 52. Rg7+ Kf8 53. Kc2 Re8 54. Kd1 Re2 55. Ra7 Rxb2 56. Rxa5 c4 57. Ra6 Rb3 58. Rxf6+ Ke8 59. a4 Ra3 60. Ra6 Rxf3 61. Ra8+ Kf7 62. Ra7+ Kf6 63. Ra6+ Ke5 64. a5 Ra3 65. Ra8 Ke4 66. a6 Kd3 67. Kc1 c3 68. Rb8 Ra1+ 69. Rb1 Ne2+ 0-1

[Event "Bayern-ch Seniors 17th"]
[Site "Schloss Schney"]
[Date "2005.06.10"]
[Round "1"]
[White "Goy, Udo"]
[Black "Theuermeister, Peter"]
[Result "0-1"]
[WhiteElo "2118"]
[BlackElo "1754"]
[PlyCount "114"]
[EventDate "2005.06.10"]
[EventType "swiss"]
[EventRounds "9"]
[EventCountry "GER"]
[SourceTitle "EXT 2006"]
[Source "ChessBase"]
[SourceDate "2005.11.24"]
[SourceVersion "1"]
[SourceVersionDate "2005.11.24"]
[SourceQuality "1"]

1. d4 Nf6 2. Nf3 g6 3. c4 Bg7 4. Nc3 d5 5. e3 c6 6. Bd3 Nbd7 7. 0-0 0-0 8. b3 Re8 9. Bb2 dxc4 10. Bxc4 Nb6 11. Bd3 Bg4 12. h3 Bxf3 13. Qxf3 Nbd5 14. Rac1 Nxc3 15. Bxc3 Nd5 16. Bc4 e6 17. Bd2 f5 18. Rfd1 Qd7 19. Be1 Rad8 20. Rd2 Bf8 21. Qe2 Bb4 22. Rdd1 Bxe1 23. Qxe1 Qf7 24. b4 a6 25. a3 Nf6 26. f3 Nd5 27. e4 fxe4 28. fxe4 Nc7 29. Qe3 Qe7 30. Rc2 Kg7 31. Qg3 Qd6 32. Qg5 Nb5 33. Rf2 Rf8 34. e5 Qd7 35. Rxf8 Rxf8 36. Qg4 Nc7 37. Qe4 Qf7 38. Rf1 Qe7 39. h4 Rxf1+ 40. Kxf1 Qf7+ 41. Ke2 Nd5 42. Qg4 Nc7 43. h5 Qf5 44. Qf3 Qxh5 45. Qxh5 gxh5 46. Ke3 Kh6 47. Bd3 Nd5+ 48. Kf3 Nc7 49. Ke3 Nb5 50. Bc4 Nc7 51. Bd3 Kg5 52. Bxh7 Kg4 53. Kd3 Kg3 54. Be4 Nd5 55. Bf3 h4 56. Ke2 Nf4+ 57. Kf1 h3 0-1

[Event "Seefeld op 15th"]
[Site "Seefeld"]
[Date "2004.09.21"]
[Round "4"]
[White "Thonig, Manfred"]
[Black "Theuermeister, Peter"]
[Result "0-1"]
[WhiteElo "1565"]
[BlackElo "1920"]
[PlyCount "150"]
[EventDate "2004.09.18"]
[EventType "swiss"]
[EventRounds "9"]
[EventCountry "AUT"]
[SourceTitle "EXT 2005"]
[Source "ChessBase"]
[SourceDate "2004.11.15"]
[SourceVersion "1"]
[SourceVersionDate "2004.11.15"]
[SourceQuality "1"]

1. f4 Nf6 2. Nf3 c5 3. e3 Nc6 4. b3 d5 5. Bb5 Bg4 6. Bxc6+ bxc6 7. 0-0 a5 8. a4 e6 9. Qe1 Bxf3 10. Rxf3 Be7 11. Bb2 0-0 12. d3 Nd7 13. Nd2 Bf6 14. c3 Rb8 15. Rb1 e5 16. Qg3 exf4 17. exf4 Re8 18. Re1 Rxe1+ 19. Qxe1 d4 20. c4 Qe7 21. Qd1 Re8 22. Ne4 Qd8 23. Rh3 g6 24. Qg4 Bg7 25. Ba3 f5 26. Qf3 fxe4 27. dxe4 Rf8 28. Qg4 Qe7 29. e5 Nf6 30. Qg5 Rf7 31. Rd3 Ne4 32. Qg4 Qe8 33. h4 Rf5 34. Qf3 Bxe5 35. Qxe4 Rxf4 36. Qe1 Qe7 37. g3 Rg4 38. Bc1 Qf6 39. Bg5 Qf5 40. Qe2 Re4 41. Qd1 Rg4 42. Qe2 Qxd3 43. Qxg4 Qxg3+ 44. Qxg3 Bxg3 45. Kg2 Be1 46. Kf3 Kf7 47. Ke2 Bc3 48. Kd3 Ke6 49. Ke4 Be1 50. Bd8 h6 51. Bb6 Kd6 52. Bd8 Bb4 53. Bf6 Ke6 54. Bd8 Be1 55. Bb6 Bb4 56. Bd8 d3 57. Kxd3 Kf5 58. Ke3 g5 59. hxg5 hxg5 60. Kf3 g4+ 61. Kf2 Ke4 62. Ke2 g3 63. Bh4 Kf4 64. Be7 g2 65. Kf2 Ke4 66. Kxg2 Kd3 67. Kf3 Kc3 68. Ke2 Kxb3 69. Kd3 Kxa4 70. Kc2 Ka3 71. Bf6 Be1 72. Ba1 Kb4 73. Kd3 Kb3 74. Be5 Bf2 75. Ba1 Bd4 0-1

[Event "Seefeld op 15th"]
[Site "Seefeld"]
[Date "2004.09.18"]
[Round "1"]
[White "Theuermeister, Peter"]
[Black "Kozlov, Alexander"]
[Result "0-1"]
[WhiteElo "1920"]
[BlackElo "2192"]
[PlyCount "124"]
[EventDate "2004.09.18"]
[EventType "swiss"]
[EventRounds "9"]
[EventCountry "AUT"]
[SourceTitle "EXT 2005"]
[Source "ChessBase"]
[SourceDate "2004.11.15"]
[SourceVersion "1"]
[SourceVersionDate "2004.11.15"]
[SourceQuality "1"]

1. d4 g6 2. Nf3 Bg7 3. e4 d6 4. Be2 Nf6 5. Nc3 c6 6. 0-0 b5 7. a3 0-0 8. Bg5 h6 9. Be3 Nbd7 10. h3 Qc7 11. Qd2 Kh7 12. Rad1 a6 13. b4 Bb7 14. e5 Nd5 15. Nxd5 cxd5 16. exd6 Qxd6 17. Bf4 Qc6 18. Bd3 Rac8 19. Rc1 Qc3 20. Qxc3 Rxc3 21. Ra1 Nb6 22. Bd2 Rcc8 23. Rfe1 e6 24. Ne5 Nc4 25. Bxc4 dxc4 26. c3 Rcd8 27. a4 f6 28. Ng4 h5 29. Nh2 Bd5 30. axb5 axb5 31. Ra5 Rb8 32. Bf4 Rb7 33. Nf1 g5 34. Bd2 Kg6 35. Ne3 Bc6 36. Rea1 Rbb8 37. Ra6 Ra8 38. Rxa8 Rxa8 39. Rxa8 Bxa8 40. f3 f5 41. Kf2 f4 42. Nf1 e5 43. dxe5 Bxe5 44. Nh2 Bc6 45. Nf1 Bd7 46. Nh2 Bf5 47. Ke2 Bd3+ 48. Kf2 Bc7 49. Nf1 Bb6+ 50. Ke1 Bc7 51. Kf2 Bf5 52. Nh2 Kf6 53. Ke2 Bb6 54. Nf1 Bd8 55. Kf2 Ke5 56. Nh2 Bb6+ 57. Ke1 Bg1 58. Nf1 g4 59. hxg4 hxg4 60. Ke2 Bd3+ 61. Ke1 g3 62. Nxg3 fxg3 0-1

[Event "Bayern-ch Seniors 16th"]
[Site "Schloss Schney"]
[Date "2004.06.08"]
[Round "3"]
[White "Theuermeister, Peter"]
[Black "Reichenbacher, Gerhard"]
[Result "0-1"]
[WhiteElo "1650"]
[BlackElo "1756"]
[PlyCount "68"]
[EventDate "2004.06.06"]
[EventType "swiss"]
[EventRounds "9"]
[EventCountry "GER"]
[SourceTitle "EXT 2006"]
[Source "ChessBase"]
[SourceDate "2005.11.24"]
[SourceVersion "1"]
[SourceVersionDate "2005.11.24"]
[SourceQuality "1"]

1. e4 c5 2. Nf3 d6 3. c3 Nf6 4. Bb5+ Bd7 5. Bxd7+ Nbxd7 6. Qe2 e6 7. d4 Be7 8. 0-0 0-0 9. e5 dxe5 10. dxe5 Nd5 11. a3 Qa5 12. c4 Nb4 13. Bd2 Qa6 14. Nc3 Nc2 15. Rac1 Nd4 16. Nxd4 cxd4 17. Nb5 Qb6 18. b4 a6 19. Nd6 Bxd6 20. exd6 Qxd6 21. c5 Qd5 22. f4 Nf6 23. Qe5 Rfd8 24. h3 Ne4 25. Qxd5 Rxd5 26. Be1 d3 27. Rd1 d2 28. Bf2 Nc3 29. Be3 Nxd1 30. Rxd1 Rad8 31. Kf1 Rd3 32. Ke2 Rxa3 33. Bxd2 Ra2 34. Ke3 f5 0-1

[Event "Seefeld op 14th"]
[Site "Seefeld"]
[Date "2003.09.17"]
[Round "5"]
[White "Kreusch, Frank"]
[Black "Theuermeister, Peter"]
[Result "1-0"]
[WhiteElo "2059"]
[BlackElo "1654"]
[PlyCount "41"]
[EventDate "2003.09.13"]
[EventType "swiss"]
[EventRounds "9"]
[EventCountry "AUT"]
[SourceTitle "CBM 097 Extra"]
[Source "ChessBase"]
[SourceDate "2004.01.13"]
[SourceVersion "1"]
[SourceVersionDate "2004.01.13"]
[SourceQuality "1"]

1. e4 g6 2. d4 d6 3. Nc3 Bg7 4. Be3 Nf6 5. f3 b6 6. Qd2 h6 7. Bd3 c5 8. dxc5 bxc5 9. e5 dxe5 10. Bxc5 0-0 11. Ne4 Bb7 12. Nxf6+ Bxf6 13. Be3 g5 14. h4 e4 15. fxe4 e5 16. hxg5 Bxg5 17. Nf3 f6 18. Nxg5 hxg5 19. Qb4 Ba6 20. Bxa6 Nxa6 21. Qc4+ 1-0

[Event "Seebach op 14th"]
[Site "Grossenseebach"]
[Date "2003.06.21"]
[Round "5"]
[White "Hiemer, Helmut"]
[Black "Theuermeister, Peter"]
[Result "0-1"]
[WhiteElo "1228"]
[BlackElo "1654"]
[PlyCount "79"]
[EventDate "2003.06.19"]
[EventType "swiss"]
[EventRounds "7"]
[EventCountry "GER"]
[SourceTitle "EXT 2018"]
[Source "ChessBase"]
[SourceDate "2017.10.13"]
[SourceVersion "1"]
[SourceVersionDate "2017.10.13"]
[SourceQuality "1"]

1. e4 d5 2. d3 dxe4 3. dxe4 Qxd1+ 4. Kxd1 e5 5. Nf3 Bg4 6. Be2 Nc6 7. h3 Bxf3 8. gxf3 Rd8+ 9. Bd2 Bc5 10. Ke1 Nd4 11. c3 Nc2+ 12. Kf1 Nxa1 13. Na3 Bxa3 14. bxa3 Nc2 15. Bg5 f6 16. Bc1 Ne7 17. Kg2 Ng6 18. Bd1 Nf4+ 19. Bxf4 Rxd1 20. Rxd1 exf4 21. a4 Ke7 22. Rd2 Na3 23. Kf1 Rd8 24. Rb2 b6 25. Rb3 Nc4 26. Ke2 Rd2+ 27. Kf1 Rxa2 28. Rb4 Ne5 29. Kg2 c5 30. Rb1 Nd3 31. h4 Rxa4 32. Rd1 c4 33. h5 Ra2 34. Rf1 h6 35. Kg1 Rc2 36. Ra1 Rc1+ 37. Rxc1 Nxc1 38. Kf1 Na2 39. Ke1 Nxc3 40. Kd2 0-1

[Event "Wch Seniors 12th"]
[Site "Naumburg"]
[Date "2002.10.21"]
[Round "1"]
[White "Ousatchi, Mark"]
[Black "Theuermeister, Peter"]
[Result "1-0"]
[WhiteElo "2196"]
[BlackElo "1728"]
[PlyCount "85"]
[EventDate "2002.10.21"]
[EventType "swiss"]
[EventRounds "11"]
[EventCountry "GER"]
[SourceTitle "EXT 2006"]
[Source "ChessBase"]
[SourceDate "2005.11.24"]
[SourceVersion "1"]
[SourceVersionDate "2005.11.24"]
[SourceQuality "1"]

1. d4 Nf6 2. c4 g6 3. Nf3 Bg7 4. Nc3 d5 5. Bg5 c6 6. e3 Bf5 7. Qb3 Qb6 8. Qxb6 axb6 9. Bxf6 Bxf6 10. cxd5 0-0 11. Bc4 Na6 12. 0-0 Rfd8 13. Bb3 Nb4 14. e4 Bg4 15. Ne5 Bxe5 16. dxe5 cxd5 17. Nxd5 Nc6 18. Nxb6 Ra6 19. Nd5 Be2 20. Rfe1 Nd4 21. Nxe7+ Kf8 22. Nd5 Nxb3 23. axb3 Rxa1 24. Rxa1 Rc8 25. Nc3 Bd3 26. f3 b5 27. b4 Rc4 28. Ra8+ Kg7 29. Rd8 Bc2 30. Rd2 Ba4 31. Nd5 Rc1+ 32. Kf2 Bb3 33. Ke3 Bc4 34. Nf6 g5 35. g4 Re1+ 36. Kf2 Rf1+ 37. Kg2 Re1 38. Rd8 Re2+ 39. Kg3 Rxb2 40. Rg8+ Kh6 41. h4 gxh4+ 42. Kxh4 Rh2+ 43. Kg3 1-0

[Event "Seefeld op 13th"]
[Site "Seefeld"]
[Date "2002.09.18"]
[Round "5"]
[White "Ruhle, Ernst Albrecht"]
[Black "Theuermeister, Peter"]
[Result "1/2-1/2"]
[WhiteElo "1590"]
[BlackElo "1728"]
[PlyCount "99"]
[EventDate "2002.09.14"]
[EventType "swiss"]
[EventRounds "9"]
[EventCountry "AUT"]
[SourceTitle "EXT 2007"]
[Source "ChessBase"]
[SourceDate "2006.11.23"]
[SourceVersion "1"]
[SourceVersionDate "2006.11.23"]
[SourceQuality "1"]

1. Nf3 d5 2. b3 Nf6 3. Bb2 Nbd7 4. e3 c6 5. c4 Qc7 6. h3 e5 7. d3 Bb4+ 8. Bc3 Bxc3+ 9. Nxc3 Qa5 10. Qd2 0-0 11. Be2 dxc4 12. dxc4 Rd8 13. 0-0 Nc5 14. Qb2 Nd3 15. Bxd3 Rxd3 16. Rfd1 Bf5 17. Rxd3 Bxd3 18. Rd1 Bg6 19. b4 Qc7 20. Ne2 Re8 21. Ng3 h5 22. Nh4 Bh7 23. Qd2 Qc8 24. Nf3 e4 25. Nd4 h4 26. Nge2 g5 27. Kh1 Nh5 28. Ng1 g4 29. Nde2 Bf5 30. Kh2 Kh7 31. Qd6 Rg8 32. Nf4 Nxf4 33. Qxf4 g3+ 34. fxg3 hxg3+ 35. Kh1 Rg6 36. Qh4+ Kg7 37. Qd8 Qxd8 38. Rxd8 Be6 39. Rd4 f5 40. a3 a6 41. c5 Kf6 42. Ne2 Rg7 43. Nf4 Rd7 44. Nxe6 Kxe6 45. Rxd7 Kxd7 46. Kg1 Ke6 47. Kf1 Kf6 48. Ke2 Kg5 49. a4 Kf6 50. Kd2 1/2-1/2

[Event "Seefeld op 13th"]
[Site "Seefeld"]
[Date "2002.09.17"]
[Round "4"]
[White "Baumann, Kurt2"]
[Black "Theuermeister, Peter"]
[Result "1-0"]
[WhiteElo "1772"]
[BlackElo "1728"]
[PlyCount "83"]
[EventDate "2002.09.14"]
[EventType "swiss"]
[EventRounds "9"]
[EventCountry "AUT"]
[SourceTitle "EXT 2007"]
[Source "ChessBase"]
[SourceDate "2006.11.23"]
[SourceVersion "1"]
[SourceVersionDate "2006.11.23"]
[SourceQuality "1"]

1. Nf3 d5 2. c4 c6 3. g3 Nf6 4. Bg2 e6 5. Qc2 Nbd7 6. 0-0 Be7 7. d3 0-0 8. b3 Ne8 9. Bb2 Bf6 10. Nbd2 Bxb2 11. Qxb2 Qf6 12. d4 Qe7 13. e4 dxe4 14. Nxe4 Nef6 15. Ne5 Nxe4 16. Bxe4 f6 17. Nd3 Re8 18. Rae1 Nf8 19. f4 Qd6 20. c5 Qd8 21. Re2 Bd7 22. Rd1 Re7 23. Bf3 Be8 24. Nf2 Bg6 25. h4 Qe8 26. g4 h5 27. g5 fxg5 28. fxg5 Qb8 29. Ne4 Bxe4 30. Rxe4 g6 31. Kg2 Rf7 32. Qd2 Qe8 33. Rde1 Rd8 34. Qe3 Re7 35. Be2 Qf7 36. Bc4 Rde8 37. Rf1 Qg7 38. Rf6 Rd8 39. Bxe6+ Nxe6 40. Rexe6 Rxe6 41. Qxe6+ Kh8 42. Rxg6 1-0